000 00371nam a2200145Ia 4500
008 230917s9999||||xx |||||||||||||| ||und||
040 _e46130
_aMAIN
041 _aEnglish
082 _a822.33 S15R:E
100 _aRibner, Irving
245 0 _aEnglish history play in the age of Shakespeare
260 _aLondon
_bMathuen
_c1965
300 _axii, 356 p.
942 _cBK
999 _c114549
_d114549